000
00263 a2200121 4500
001
63758
082
_a
823.1 LEW
090
_c
37736
_d
37736
100
_a
Lewis
245
_a
Silver chair
_h
English
260
_a
London
_b
Harper Collinns
_c
1997
300
_a
270p.
942
_a
NUST-CAE
_k
823.1 LEW
999
_c
298831
_d
298831